000 00271nam a22001217a 4500
003 SGT
082 _a616.024
_bP07M
100 _aMUNJAL ,Y P
245 _aPOSTGRADUATE MEDICINE RECET ADVANCES IN MEDICINE
260 _aINDIA
_bAPJ
_c2007
300 _a490
942 _2ddc
_cBK
999 _c14069
_d14069